| 000 | 00906nam a2200301Ia 4500 | ||
|---|---|---|---|
| 003 | OSt | ||
| 005 | 20220912145116.0 | ||
| 006 | a|||||r|||| 00| 0 | ||
| 007 | ta | ||
| 008 | 220909b |||||||| |||| 00| 0 eng d | ||
| 020 | _a9781439808528 (hbd) | ||
| 024 | _a113477 | ||
| 037 | _b2054, 12/11/2010, Educational Book Agency (India) | ||
| 037 | _cTextbook | ||
| 040 |
_aCSL _beng _cCSL |
||
| 041 | _aeng | ||
| 082 | _aC9B36, Q1 TC | ||
| 100 | _aVetelino John | ||
| 245 | 0 | _aIntroduction to sensors | |
| 260 |
_aBoca Raton _bCRC Pres _c2011 |
||
| 300 |
_axiii, 180p. _ccm. |
||
| 500 | _aIncludes bibliographical references.; Index 171-180p. | ||
| 650 | _a Detectors | ||
| 650 | _aPhysics | ||
| 700 | _a Reghu Aravind | ||
| 942 |
_hC9B36, Q1 TC _cTB _2CC |
||
| 999 |
_c23415 _d23415 |
||